00493 2200169 4500001002100000005001500021035002000036008004100056245005200097100002300149260003600172300002500208084002100233082001100254650003800265990002000303INLIS00000000000293820241212021038 a0010-1224000470241212 0 ind 1 aBudidaya Kebun Dan Taman 2 /cRobert B Cridland aCridland, Robert B aSemarang :bDahara Prize,c1986 a187 hlm. ;c15x21 cm a634.99 CRI B C.1 a634.99 4aKombinasi Pertanian dan Kehutanan a040611200005331